000 00863cam a2200253 a 4500
005 20260322212021.0
008 data
010 _a 96096727
020 _a044991156X
020 _a9780449911563
040 _aDLC
_cDLC
_dDLC
050 0 0 _aGV1243
_b.F84 1996
092 _a795 F84 1996
100 1 _aFrey, Richard L.
245 1 0 _aAccording to Hoyle :
_bofficial rules of more than 200 popular games of skill and chance with expert advice on winning play /
_cRichard L. Frey & Edmond Hoyle.
250 _a1st Ballantine Books trade ed.
260 _aNew York :
_bFawcett Columbine,
_c1996.
300 _axii, 285 p. :
_bill. ;
_c21 cm.
650 0 _aCard games
_xRules.
650 0 _aIndoor games
_xRules.
700 1 _aHoyle, Edmond,
_d1672-1769.
856 4 2 _3Publisher description
_uhttp://www.loc.gov/catdir/description/random045/96096727.html
001 data
999 _c482
_d482